|
|
|
|
| LEADER |
00000nam#a22000001a#4500 |
| 001 |
00026961 |
| 003 |
AR-BaUAD |
| 005 |
20230908141816.0 |
| 008 |
961119s1989####xxuao||##||||||||#||eng|d |
| 020 |
|
|
|a 084781033X
|
| 040 |
|
|
|a AR-BaUAD
|b spa
|c AR-BaUAD
|
| 041 |
|
|
|a eng
|
| 044 |
|
|
|c us
|2 ISO3166-1
|
| 100 |
1 |
|
|a Ando, Tadao,
|d 1941-
|
| 245 |
1 |
4 |
|a The Yale studio & current Works /
|c Tadao Ando ; introd. by Kenneth Frampton ; essays by Tadao Ando, George T. Kunihiro, Peter Eisenman
|
| 260 |
|
|
|a New York :
|b Rizzoli,
|c 1989
|
| 300 |
|
|
|a 143 p. :
|b il., fot. (algunas col.), cortes, plantas
|
| 653 |
|
|
|a ARQUITECTURA
|
| 653 |
|
|
|a ARQUITECTURA MODERNA
|
| 653 |
|
|
|a ANDO, TADAO
|
| 653 |
|
|
|a SIGLO XX
|
| 655 |
|
|
|a TEXTO
|
| 852 |
|
|
|c 145-2
|
| 952 |
|
|
|0 0
|1 0
|2 udc
|4 0
|6 645
|7 0
|9 32704
|a AR-BaUAD
|b AR-BaUAD
|d 1996-11-07
|e donac. T. Ando
|g 26.00
|i 26961
|l 0
|o 64-5
|p xi3tb26961
|r 2023-09-08 14:18:16
|t 1
|w 2023-09-08
|y BK
|
| 990 |
|
|
|a Ej. No1 : 26961 . 7/11/1996 -- donac. T. Ando -- (26 pesos).
|b ADM
|
| 990 |
|
|
|a AQ198
|b TD
|
| 990 |
|
|
|a AAQ00026961
|b CC
|
| 998 |
|
|
|a AAQ
|b Bibun 76
|
| 942 |
|
|
|c BK
|
| 999 |
|
|
|c 15625
|d 15625
|